000 00559nam a2200217 a 4500
999 _c4124
_d4124
001 4124
003 BD-JhCC
005 20171123095802.0
008 171123s19481960e a|||| || | 000 0 eng d
035 _a(BD-JhCC)4124
040 _aBD-JhCC
_dBD-JhCC
041 _aeng
082 _a910
_bSTE 1960
100 _aStembridge, Jasper H.
245 _aThe New World Wide Geographies /
_c Jasper H. Stembridge,
260 _aLondon :
_bOxford University Press
_c1960
300 _a128 p. :
_c20 cm.
650 _aGeography
942 _2ddc
_cBK